000 00326nam a22001457a 4500
008 210521b ||||| |||| 00| 0 eng d
020 _a9780781798334
041 _aeng
080 _29th
_a610.73
082 _a610.73
100 _a2
101 _aINF
245 _aManual Nursing Practice
_cLippincott,W
942 _2udc
_cBK
999 _c57583
_d57583